000 00330nam a22001457a 4500
008 221007b ||||| |||| 00| 0 eng d
020 _a38534196X
041 _aeng
080 _2FOURTH EDITION
_a611
082 _a611 MAR
100 _a10.2
101 _aANA
245 _aHUMAN ANATOMY&PHYSIOLOGY
_cMARIEB E
942 _2udc
_cBK
999 _c58415
_d58415